Catching Up? Country Studies on Intergenerational Mobility and Children of Immigrants

Saved in:
Bibliographic Details
Format: Book
Language:English
Published: Paris OECD 2018
Subjects:
Tags: Add Tag
No Tags, Be the first to tag this record!

MARC

LEADER 00000nam a2200000 4500
001 0253097
005 20221220065506.1
020 |a 978-92-64-30102-3 
041 0 |a eng 
044 |a FR 
245 1 0 |a Catching Up? Country Studies on Intergenerational Mobility and Children of Immigrants 
264 1 |a Paris  |b OECD  |c 2018 
300 |a 200 s. 
610 2 0 |a migrácia 
610 2 0 |a deti 
610 2 0 |a generácie 
610 2 0 |a mobilita sociálna 
610 2 0 |a vzdelávanie 
610 2 0 |a trh práce 
610 2 0 |a rodina 
610 2 0 |a mládež 
610 2 0 |a porovnanie štatistické medzinárodné 
610 2 0 |a Európska únia 
610 2 0 |a USA 
610 2 0 |a Kanada